Inari visa - Statistics

Yleistilastot
  • Tätä visaa on pelattu 14 kertaa
  • Keskiarvotulos 4 / 10
Vastaustilastot
Kysymys Vastaus % Oikein
Mikä ei ole Inarin muunkielinen nimi Inaarian
75%
Panda Bowl No. 602 – Inari Tofu Bowl (L,G) -Kuinka paljon sun nimikkoannos maksaa? 14.90
50%
Inari Krohn on suomalainen taidemaalari, mutta milloin hän on syntynyt.. 1945
50%
Mitä tarvitaan Inari-sushin valmistukseen Abura-age
50%
Mikä ei ole Inarilainen/Inarissa toimiva urheiluseura Inarin voima
50%
Minkä jumala Inari ei ole posliiniastioiden
50%
Minkä nimisen kirjan Inari Fernandez on julkaissut? Käppyrämännyn juurella
25%
Kuka on Inarin kunnanjohtaja Tommi Kasurinen
25%
Siirrytään seuraavaan aihepiiriin, INARI.... Kuinka paljon asukkaita Inarissa oli viime vuoden lopussa 7127
0%
Missä kaupungissa suomalainen näyttelijä Inari Koponen kuoli? Tukholma
0%
Ehtoja vastaavia visoja ei löytynyt
Tulosjakauma
Jokaisen tuloksen saaneiden osuus
Persentiili vastausten määrän mukaan
Tuloshistoriasi
Et ole pelannut tätä visaa